Premýšľavá krajina Pár poznámok vyprovokovaných výstavou I. Dulanského

Bibliographic Details
Main Author: Moravčík, Štefan, 1943- (Author)
Format: Article
Language:Slovak
PhysicalDescription:Obr. 1.
Subjects:

MARC

LEADER 00000nab a2200000 a 4500
001 vtls000231768
003 SK-MaSNL
005 20260302212530.0
008 160215c1985 xo 0 slo
015 |a SNBRB19rr/mm-uuuuu 
035 |a CL0241882 
040 |a SNKBUCL  |b slo  |c SNKBUCL  |e AACR2 
041 0 |a slo 
044 |a xo  |c SK 
080 |a 75.071.1:061.4  |2 1981 
080 |a 061.4  |2 1981 
080 |a 929 Dulanský, Ivan  |2 1981 
100 1 |a Moravčík, Štefan,  |d 1943-  |4 aut  |9 98697 
245 1 0 |a Premýšľavá krajina  |b Pár poznámok vyprovokovaných výstavou I. Dulanského  |c Štefan Moravčík 
300 |b Obr. 1. 
600 1 7 |a Dulanský, Ivan,  |d 1941-2017  |2 snkbucl  |9 200547 
651 7 |a 5208  |2 snkbucl  |9 277766 
655 7 |a články z novín a časopisov  |2 snkbucl  |9 267496 
773 0 |t Práca  |g Roč. 40, č. 265 (9. 11. 1985), s. 6 
850 |a Slovenská národná knižnica v Martine  |a MTA001 
852 |a SNK  |b KIS3GCP 
958 |a BX 
958 |a RK 
992 |a RBX 
999 |c 1489619  |d 1491549